000 01345nam a2200337 c 4500
999 _c42279
_d42279
003 BLK
005 20250602153141.0
008 180408b bul|||||r ||||||| ||bul||
010 _aKNG00045942000
040 _aBLK
041 _aBUL
_cBUL
080 _aОткривателски пътешествия. Експедиции
_b910.4
_x(26)
_z910.4(26)
100 _aВерн, Жул
_9263632
139 _aВерн, Жул
245 1 0 _aВеликите мореплаватели на ХVІІІ век
_bОчерци
_cЖул Верн; прев. от фр. Невяна Любенова Розева.
257 _aFRA
260 _aВарна
_bДърж. изд.
_c1966
300 _a588 с.
_bс ил.
_c20 см
380 _a91
490 1 _aМорета, брегове и хора
_v10
650 4 _aМореплаватели
_9162727
653 _aмореплаватели
653 7 _aXVIII в.
_9180243
700 _aРозева, Невяна Любенова
_d1900 - 1970
_gПреводач от английски, италиански, немски, полски, руски и френски езици.
_9367712
852 _aЦб 39793
_bЦб
942 _cKNG
_n0
_s1
944 _aCR
_c31.08.2016
_k30560
_lГеновева Генчева
944 _aED
_c2022-06-03
_kСТ
999 _d42279
999 _d42279